Turistiku nemožno len dojiť cestovný ruch by mal patriť medzi priority slovenskej vlády

Kroky potrebné na rozvoj cestovného ruchu na Slovensku. Úlohy, ktoré by mala plniť Slovenská agentúra pre cestovný ruch (SACR). Náčrt rozvoja regionálneho cestovného ruchu. Očakávaná pomoc od vlády SR.

Saved in:
Bibliographic Details
Main Author: Roháčová, Maja
Format: Book
Language:Slovak
Subjects:
Tags: Add Tag
No Tags, Be the first to tag this record!

MARC

LEADER 00000nam a2200000 4500
001 r031306
005 20230824095012.6
041 0 |a slo 
044 |a SK 
245 1 0 |a Turistiku nemožno len dojiť  |b cestovný ruch by mal patriť medzi priority slovenskej vlády  |c Maja Roháčová 
520 |a Kroky potrebné na rozvoj cestovného ruchu na Slovensku. Úlohy, ktoré by mala plniť Slovenská agentúra pre cestovný ruch (SACR). Náčrt rozvoja regionálneho cestovného ruchu. Očakávaná pomoc od vlády SR. 
610 2 0 |a ruch cestovný 
610 2 0 |a turistika 
610 2 0 |a agroturistika 
610 2 0 |a investície rozvojové 
610 2 0 |a vláda 
610 2 0 |a Slovensko 
100 1 |a Roháčová, Maja